| 000 | 00805nam a22002417a 4500 | ||
|---|---|---|---|
| 005 | 20251108174704.0 | ||
| 008 | 250721s9999 xx 000 0 ara d | ||
| 020 | _a9953720576 | ||
| 082 | 1 | 4 | _a649.1/بيل |
| 100 | 1 |
_aبيليفو، ماري كلود _eمؤلف |
|
| 245 | 1 | 0 | _aالعودة من المدرسة : مكانة الأبوين في التعلم المدرسي / |
| 264 | 1 |
_aبيروت : _bدار القلم للطباعة والنشر و التوزيع، _c[200-]. |
|
| 300 | _a190 ص. | ||
| 490 | 0 | _aسلسلة الاهل | |
| 650 | 1 | 7 | _aالآباء |
| 650 | 1 | 7 | _aالامهات |
| 650 | 1 | 7 | _aالاسره |
| 650 | 1 | 7 | _aالاطفال |
| 700 | 1 |
_aالرقا، مصطفى _eمترجم |
|
| 700 | 1 |
_aالكردي، بسام _eمترجم |
|
| 942 |
_2ddc _cBK |
||
| 999 |
_c115514 _d115514 |
||